Sports Quiz

Random Sports or Hockey Quiz

Top 102 Goals With One NHL Team Quiz Stats

 Plays Quiz Updated May 1, 2018

Challenge
Share
Tweet
Embed
Score 0/102 Timer 15:00
9 Plays Today
Team Player % Correct
EdmontonWayne Gretzky
95.6%
PittsburghMario Lemieux
90.5%
DetroitGordie Howe
90%
ChicagoBobby Hull
87.6%
St. LouisBrett Hull
87.6%
ChicagoDennis Hull
87.1%
DetroitSteve Yzerman
86.7%
WashingtonAlex Ovechkin
84.8%
QUE/COLJoe Sakic
84.4%
MNS/DALMike Modano
79.5%
PittsburghJaromir Jagr
79.4%
EdmontonMark Messier
78.9%
PittsburghSidney Crosby
78%
MontrealMaurice Richard
76.7%
MontrealHenri Richard
76.4%
NY IslandersMike Bossy
76.2%
AnaheimTeemu Selanne
75.8%
CalgaryJarome Iginla
73.2%
EdmontonJari Kurri
71.5%
BostonPhil Esposito
70.8%
Los AngelesLuc Robitaille
69.5%
Tampa BayMartin St. Louis
68.9%
TorontoMats Sundin
67.9%
ChicagoPatrick Kane
67.5%
MontrealGuy Lafleur
66.9%
Los AngelesMarcel Dionne
64.5%
San JosePatrick Marleau
64.5%
ChicagoStan Mikita
63.7%
OttawaDaniel Alfredsson
63.4%
NY IslandersBryan Trottier
62.6%
Tampa BayVincent Lecavalier
62.5%
VancouverDaniel Sedin
62%
HFD/CARRon Francis
60.3%
PhiladelphiaBobby Clarke
58.8%
Team Player % Correct
WIN/PHX/ARIShane Doan
58.7%
Atlanta ThrashersIlya Kovalchuk
58.1%
New JerseyPatrik Elias
58.1%
AnaheimPaul Kariya
57.6%
PittsburghEvgeni Malkin
55.2%
DetroitHenrik Zetterberg
54.3%
DetroitSergei Fedorov
54%
BostonRay Bourque
54%
DetroitPavel Datsyuk
53.7%
DetroitBrendan Shanahan
52.4%
WashingtonPeter Bondra
52.3%
Quebec NordiquesPeter Stastny
51.9%
BostonCam Neely
51.8%
AnaheimCorey Perry
51.6%
MontrealJean Beliveau
51.3%
EdmontonGlenn Anderson
50.6%
Winnipeg Jets (1979)Dale Hawerchuk
50.1%
PhiladelphiaJohn LeClair
48.7%
ChicagoDenis Savard
48.7%
CarolinaEric Staal
47.7%
VancouverMarkus Naslund
47.6%
CalgaryTheoren Fleury
47.3%
BuffaloGilbert Perreault
46.5%
BostonJohn Bucyk
45.4%
WIN/PHXKeith Tkachuk
44.9%
WashingtonMike Gartner
44.7%
Tampa BaySteven Stamkos
43.9%
ColoradoMilan Hejduk
43.8%
VancouverTrevor Linden
42%
BuffaloDave Andreychuk
41.6%
Quebec NordiquesMichel Goulet
41.5%
TorontoDarryl Sittler
40.5%
Minnesota North StarsDino Ciccarelli
39.8%
CalgaryJoe Nieuwendyk
38.9%
Team Player % Correct
NY IslandersDenis Potvin
37.4%
DetroitAlex Delvecchio
36.7%
MontrealSteve Shutt
34.1%
DetroitTed Lindsay
34%
Los AngelesDave Taylor
33.8%
PhiladelphiaBill Barber
33.3%
Los AngelesBernie Nicholls
32.9%
EdmontonRyan Smyth
32.9%
St. LouisBernie Federko
32.5%
BuffaloRichard Martin
31.7%
NY RangersRod Gilbert
31.3%
ChicagoSteve Larmer
30%
NY RangersJean Ratelle
29.6%
PhiladelphiaReggie Leach
29.4%
Minnesota North StarsBrian Bellows
29.4%
MontrealYvan Cournoyer
28.9%
TorontoFrank Mahovlich
28.4%
MontrealBernie Geoffrion
28.3%
St. LouisBrian Sutter
27.1%
PhiladelphiaTim Kerr
26.8%
MontrealJacques Lemaire
26.2%
TorontoDave Keon
25.7%
NY IslandersClark Gillies
25.2%
BostonRick Middleton
25.1%
PhiladelphiaBrian Propp
24.5%
New JerseyJohn MacLean
24.1%
TorontoRick Vaive
22.8%
San JoseJoe Pavelski
19.6%
PhiladelphiaRick MacLeish
18.6%
DetroitNorm Ullman
18.6%
TorontoGeorge Armstrong
15.8%
PittsburghRick Kehoe
15.6%
PittsburghJean Pronovost
14.4%
TorontoRon Ellis
10.6%

You're not logged in!

Compare scores with friends on all Sporcle quizzes.
OR
Log In

You Might Also Like...

Show Comments

Extras

Top Quizzes Today


Score Distribution

Your Account Isn't Verified!

In order to create a playlist on Sporcle, you need to verify the email address you used during registration. Go to your Sporcle Settings to finish the process.

Report this User

Report this user for behavior that violates our Community Guidelines.

Details: